000 00560nam a2200193 4500
003 SEACOMEC
005 20240904115701.0
008 240904b |||||||| |||| 00| 0 eng d
020 _a978-8120311312
_c325.00
040 _aSEACOMEC
082 _a005.1
_bB823
100 _a Brassard, Gilles
245 _aFundamentals of Algorithmics
_cGilles Brassard and Paul Bratley
260 _a New Delhi
_bPrentice Hall India
_c2006
300 _axix, 524p. : 25cm
650 _aComputer Programing -Computer Algorithm
700 _a Bratley, Paul
942 _cBOOK
999 _c1686
_d1686